[Event "Prague Golden U18 op"]
[Site "Prague"]
[Date "2023.06.24"]
[Round "4"]
[White "Madle, Robin"]
[Black "Suchanek, Petr"]
[Result "1-0"]
[WhiteElo "1749"]
[BlackElo "1263"]
[PlyCount "127"]
[EventDate "2023.06.24"]
[EventType "swiss"]
[EventRounds "9"]
[EventCountry "CZE"]
[SourceTitle "CBM 215 Extra"]
[Source "ChessBase"]
[SourceDate "2023.09.30"]
[SourceVersion "1"]
[SourceVersionDate "2023.09.30"]
[SourceQuality "1"]

1. b3 g6 2. Bb2 Nf6 3. Bxf6 exf6 4. c4 d6 5. Nc3 Bg7 6. g3 Nc6 7. Bg2 Bd7 8. e3 0-0 9. Nge2 b6 10. 0-0 Qc8 11. Nd5 Rb8 12. d4 Re8 13. Nec3 Ne7 14. Nxe7+ Rxe7 15. Nd5 Re8 16. Qf3 f5 17. Qf4 c6 18. Nb4 a5 19. Nc2 Qc7 20. Rac1 Re7 21. Qf3 Rbe8 22. Qd1 Be6 23. Ne1 Qd7 24. Nd3 d5 25. c5 Qc7 26. cxb6 Qxb6 27. Nc5 Bc8 28. Qc2 Ba6 29. Rfd1 Rc8 30. Na4 Qb7 31. Qc5 Qb4 32. Qxb4 axb4 33. Bf1 Bxf1 34. Kxf1 Rec7 35. Nb6 Rb8 36. Nxd5 Rd7 37. Nf4 g5 38. Nd3 Bf8 39. Rc4 c5 40. Nxc5 Rc7 41. Rdc1 Bxc5 42. Rxc5 Rxc5 43. Rxc5 Ra8 44. Rc2 Kf8 45. Ke2 Ke7 46. Kd3 Kd6 47. Kc4 Rc8+ 48. Kd3 Ra8 49. f3 h6 50. e4 fxe4+ 51. fxe4 f6 52. Rf2 Ke6 53. Kc4 Rb8 54. Rf5 Ra8 55. d5+ Ke7 56. Rf2 Ra6 57. Kxb4 Rb6+ 58. Kc5 Rb8 59. d6+ Ke6 60. Rd2 Rc8+ 61. Kb6 Rd8 62. Kc7 Rh8 63. d7 Rh7 64. Kc8 1-0

[Event "Prague Golden U18 op"]
[Site "Prague"]
[Date "2023.06.24"]
[Round "8"]
[White "Suchanek, Petr"]
[Black "Simek, Filip"]
[Result "1-0"]
[WhiteElo "1263"]
[BlackElo "1323"]
[PlyCount "101"]
[EventDate "2023.06.24"]
[EventType "swiss"]
[EventRounds "9"]
[EventCountry "CZE"]
[SourceTitle "CBM 215 Extra"]
[Source "ChessBase"]
[SourceDate "2023.09.30"]
[SourceVersion "1"]
[SourceVersionDate "2023.09.30"]
[SourceQuality "1"]

1. d4 Nf6 2. c4 e6 3. Nc3 d5 4. Nf3 Bb4 5. Qa4+ Nc6 6. Ne5 Bxc3+ 7. bxc3 Bd7 8. Nxd7 Qxd7 9. e3 Ne4 10. Qc2 0-0 11. Bd3 Nf6 12. 0-0 dxc4 13. Bxc4 Na5 14. Bd3 Rad8 15. Bd2 c5 16. Rfd1 Nc6 17. Rab1 b6 18. Bc1 cxd4 19. Ba3 Rfe8 20. Bb5 Qc7 21. cxd4 Rc8 22. Rdc1 Qb7 23. Bxc6 Qa6 24. Bd6 Nd5 25. Qc4 Qxc4 26. Rxc4 Red8 27. Rbc1 Rxd6 28. Bxd5 Rxc4 29. Rxc4 g6 30. Bc6 Kf8 31. a4 Ke7 32. Bb5 Kd8 33. Kf1 h5 34. Ke2 Rd5 35. Rc6 a6 36. Bxa6 Ra5 37. Bb5 Ke7 38. Rxb6 Kd8 39. Ra6 Rxa6 40. Bxa6 Kc7 41. Bb5 Kb6 42. Kf3 Kc7 43. Ke4 f6 44. f4 Kd6 45. h3 f5+ 46. Kd3 Kd5 47. Bc4+ Kd6 48. a5 Kc6 49. Bxe6 Kb5 50. Bf7 Kxa5 51. Bxg6 1-0